Privatrechtsangleichung durch die EG im Schnittfeld von Sachrecht und Kollisionsrecht

Gespeichert in:
Bibliographische Detailangaben
1. Verfasser: Müller-Graff, Peter-Christian (VerfasserIn)
Dokumenttyp: Kapitel/Artikel
Sprache:Deutsch
Veröffentlicht: 2003
In: Angleichung des materiellen und des internationalen Privatrechts in der EU
Year: 2003, Pages: 7-23
Online-Zugang: Volltext
Verfasserangaben:Peter-Christian Müller-Graff

MARC

LEADER 00000caa a22000002c 4500
001 1179679385
003 DE-627
005 20220810071225.0
007 tu
008 040211s2003 xx ||||| 00| ||ger c
035 |a (DE-627)1179679385 
035 |a (DE-576)109679385 
035 |a (DE-599)BSZ109679385 
035 |a (OCoLC)1340386917 
040 |a DE-627  |b ger  |c DE-627  |e rakwb 
041 |a ger 
084 |a 19  |2 sdnb 
100 1 |a Müller-Graff, Peter-Christian  |d 1945-  |0 (DE-588)121637565  |0 (DE-627)081437714  |0 (DE-576)16230885X  |4 aut 
245 1 0 |a Privatrechtsangleichung durch die EG im Schnittfeld von Sachrecht und Kollisionsrecht  |c Peter-Christian Müller-Graff 
264 1 |c 2003 
300 |a 17 
336 |a Text  |b txt  |2 rdacontent 
337 |a ohne Hilfsmittel zu benutzen  |b n  |2 rdamedia 
338 |a Band  |b nc  |2 rdacarrier 
773 0 8 |i In  |t Angleichung des materiellen und des internationalen Privatrechts in der EU  |d Frankfurt am Main [u.a.] : Lang, 2003  |g (2003), Seite 7-23  |h XV, 228 S.  |w (DE-627)370249143  |w (DE-576)107299429  |z 3631371217  |7 nnam  |a Privatrechtsangleichung durch die EG im Schnittfeld von Sachrecht und Kollisionsrecht 
773 1 8 |g year:2003  |g pages:7-23  |g extent:17  |a Privatrechtsangleichung durch die EG im Schnittfeld von Sachrecht und Kollisionsrecht 
951 |a AR 
992 |a 20140829 
993 |a BookComponentPart 
994 |a 2003 
998 |g 121637565  |a Müller-Graff, Peter-Christian  |m 121637565:Müller-Graff, Peter-Christian  |d 20000  |d 20500  |e 20000PM121637565  |e 20500PM121637565  |k 0/20000/  |k 1/20000/20500/  |p 1  |x j  |y j 
999 |a KXP-PPN1179679385  |e 2813509795 
BIB |a Y 
JSO |a {"physDesc":[{"extent":"17 S."}],"language":["ger"],"person":[{"family":"Müller-Graff","given":"Peter-Christian","display":"Müller-Graff, Peter-Christian","role":"aut"}],"type":{"bibl":"chapter"},"name":{"displayForm":["Peter-Christian Müller-Graff"]},"relHost":[{"recId":"370249143","part":{"text":"(2003), Seite 7-23","extent":"17","year":"2003","pages":"7-23"},"title":[{"title_sort":"Angleichung des materiellen und des internationalen Privatrechts in der EU","title":"Angleichung des materiellen und des internationalen Privatrechts in der EU","subtitle":" = Harmonisation of substantive and international private law : [Beiträge ... einer Tagung der Europäischen Rechtsakademie im Oktober 1999 ...]"}],"disp":"Privatrechtsangleichung durch die EG im Schnittfeld von Sachrecht und KollisionsrechtAngleichung des materiellen und des internationalen Privatrechts in der EU","relMultPart":[{"disp":"Internationalrechtliche Studien","title":[{"title":"Internationalrechtliche Studien","subtitle":"Beiträge zum internationalen Privatrecht, zum Einheitsrecht und zur Rechtsvergleichung","title_sort":"Internationalrechtliche Studien"}],"part":{"number_sort":["1800"],"number":["18"]},"pubHistory":["1.1995 -"],"recId":"249465817","origin":[{"dateIssuedDisp":"1995-","publisherPlace":"Berlin ; Bern ; Wien ; Frankfurt, M. ; Berlin ; Bern ; Wien ; Frankfurt, M. ; Berlin ; Bern ; Bruxelles ; New York, NY ; Wien ; Frankfurt, M. ; Berlin ; Bern ; Bruxelles ; New York, NY ; Oxford ; Wien","dateIssuedKey":"1995","publisher":"Peter Lang GmbH, internationaler Verlag der Wissenschaften ; Lang ; Lang ; Lang"}],"id":{"issn":["0947-0395"],"zdb":["1445721-0"],"eki":["249465817"]},"language":["ger"],"type":{"bibl":"serial"},"dispAlt":"Internationalrechtliche Studien"}],"language":["ger","eng","fre"],"origin":[{"publisher":"Lang","dateIssuedKey":"2003","publisherPlace":"Frankfurt am Main [u.a.]","dateIssuedDisp":"2003"}],"note":["Aktualisierte Beiträge, die auf einer Tagung d. Europ. Rechtsakademie im Oktober 1999 gehalten wurden. - Beitr. teilw. dt., teilw. engl., teilw. franz"],"corporate":[{"role":"oth","display":"Europäische Rechtsakademie"}],"id":{"eki":["370249143"],"isbn":["3631371217"]},"titleAlt":[{"title":"Harmonisation of substantive and international private law"}],"titleTranslated":[{"translated":"Harmonisation of substantive and international private law"}],"physDesc":[{"extent":"XV, 228 S."}],"name":{"displayForm":["Ole Lando ... (Hrsg.)"]},"person":[{"role":"edt","display":"Lando, Ole","given":"Ole","family":"Lando"}],"type":{"bibl":"edited-book"}}],"origin":[{"dateIssuedDisp":"2003","dateIssuedKey":"2003"}],"recId":"1179679385","title":[{"title_sort":"Privatrechtsangleichung durch die EG im Schnittfeld von Sachrecht und Kollisionsrecht","title":"Privatrechtsangleichung durch die EG im Schnittfeld von Sachrecht und Kollisionsrecht"}],"id":{"eki":["1179679385"]}} 
SRT |a MUELLERGRAPRIVATRECH2003